000 00325nam a2200133Ia 4500
008 240624s9999 xx 000 0 und d
041 _aeng
082 _a828 BHA
100 _aBHAGAT CHETAN
245 _aWHAT YOUNG INDIA WANTS
260 _c2015
_aNew Delhi
_bRupa Publication India
300 _a181 : p.
365 _cRS
_b30
999 _c28507
_d28507